Official proceedings of the National Democratic convention : held in Cincinnati, June 2-6, 1856 /

Bibliographic Details
Corporate Author: Democratic National Convention Cincinnati
Format: Conference Proceeding Book
Language:English
Published: Cincinnati : Enquirer company steam printing establishment, 1856.
Subjects:

MARC

Tag First Indicator Second Indicator Subfields
LEADER 00000cam a2200000 4500
001 in00000066986
005 20151008051259.0
008 751125s1856 ohu 00010 eng
010 |a  09004242  
035 |a (OCoLC)01853167 
035 |9 AAG6941AM 
040 |a DLC  |c FBA  |d TXA  |d UtOrBLW 
049 |a TXAM  |c [336839]  |a TXAS [mil]  |c 2, [rare]  |c 3 
050 0 0 |a JK2313 1856 
092 |a 329.3  |b D383o, 1856 
111 2 |a Democratic National Convention  |d (1856 :  |c Cincinnati) 
245 1 0 |a Official proceedings of the National Democratic convention :  |b held in Cincinnati, June 2-6, 1856 /  |c Pub. by order of the Convention. 
264 1 |a Cincinnati :  |b Enquirer company steam printing establishment,  |c 1856. 
300 |a 78 pages ;  |c 23 cm. 
336 |a text  |b txt  |2 rdacontent 
337 |a unmediated  |b n  |2 rdamedia 
338 |a volume  |b nc  |2 rdacarrier 
650 0 |a Campaign literature, 1856  |x Democratic. 
999 |a MARS 
999 f f |s 27ea0667-7984-33bd-87bb-2857c940ce47  |i 3aaed891-3462-31e7-9514-0dffe6c5253f  |t 0 
952 f f |p noncirc  |a Texas A&M University  |b College Station  |c Cushing Memorial Library & Archives  |d Cushing: Ragan Military (Does not check out)  |t 0  |e JK 2313 1856  |h Library of Congress classification  |i unmediated -- volume 
952 f f |p noncirc  |a Texas A&M University  |b College Station  |c Cushing Memorial Library & Archives  |d Cushing: Rare Books (Does not check out)  |t 0  |e JK2313 1856  |h Library of Congress classification  |i unmediated -- volume 
998 f f |a JK 2313 1856  |t 0  |l Cushing: Ragan Military (Does not check out) 
998 f f |a JK2313 1856  |t 0  |l Cushing: Rare Books (Does not check out)